000 00815nam a2200229Ii 4500
003 JO-AjNU
008 230605s9999||||xx |||||||||||||| ||und||
017 _a2007/7/1979
020 _a9957-16-354-9
040 _aJO-AjNU
_bara
_erda
_cJO-AjNU
041 _aara
050 1 4 _aKMM272.S5222.2008
100 3 _aشطناوي، علي خطار,
_eauthor
_925720
245 0 0 _aموسوعة القضاء الإداري، " الجزء الأول "
250 _aالطبعة الأولى/ الإصدار الأول -2004،الإصدارالثاني- 2008
264 3 1 _aعمان: دار الثقافة، 2008
300 _aج1، 511ص
336 _atext
_btxt
_2rdacontent
337 _aunmediated
_bn
_2rdamedia
338 _avolume
_bnc
_2rdacarrier
650 4 _aالقضاء الإداري -- الأردن
_925721
999 _aA9656
_c13224
_d13224